000 00582nam a2200181 a 4500
001 12723
003 CO-ViMGA
008 141112s2004 ck r 000 u spa d
040 _aCO-ViMGA
_bspa
_cCO-ViMGA
082 0 4 _a350.0035 C65d2
110 _aColombia, Presidente 1994 - Samper Pizano Ernesto
_918375
245 1 0 _aDiscurso instalación sesiones del congreso Julio 20 de 1997
260 _aSantafé de Bogotá :
_bLerner,
_c1996
300 _a21p.
650 1 4 _aMENSAJES PRESIDENCIALES - COLOMBIA
_98442
650 1 4 _aPRESIDENTES - COLOMBIA - INFORMES
_918376
942 _2ddc
_cBK
999 _c23668
_d23668